[Event "RUS-chT Blitz Men 2018"]
[Site "Sochi"]
[Date "2018.10.10"]
[Round "3"]
[White "Oganian, Miran"]
[Black "Chizhikov, Vladislav"]
[Result "1-0"]
[WhiteElo "2435"]
[BlackElo "2304"]
[Annotator "TA"]
[PlyCount "96"]
[EventDate "2018.10.10"]
[EventType "swiss"]
[EventCountry "RUS"]
[SourceTitle "playchess.com"]
[Source "ChessBase"]
[SourceQuality "1"]

{[%evp 14,96,0,-17,15,0,-9,-14,0,0,0,-38,-41,-141,-123,-133,-149,-141,-153,-161,-159,-158,-174,-168,-145,-212,-129,-116,-116,-145,-137,-140,-147,-139,-146,-141,-122,-186,-172,-172,-125,-127,-125,-110,-125,-124,-118,-120,-128,-288,-302,-278,-209,-256,-241,-429,-408,-522,-502,-523,-516,-598,-581,-1295,-570,-565,-559,-562,-601,-661,-637,-858,-837,-1076,-1043,-1570,-1159,-29973,-29974,-29980,-29981,-29982,-29983,-29984,-29985]} 1. d4 g6 2. Nf3 Bg7 3. c4 d6 4. g3 e5 (4... Nf6 5. Bg2 O-O 6. O-O c6 7. Nc3 Nbd7 8. e4 e5 9. h3 Qa5 10. Be3 exd4 11. Nxd4 Nb6 12. Nb3 Qa6 13. c5 Nc4 14. Bd4 dxc5 15. Nxc5 Qa5 16. Qe2 Nb6 17. a3 Nbd7 18. b4 Qc7 19. Rfd1 Re8 {1-0 (51) Cheparinov,I (2710)-Mchedlishvili,M (2603) Riadh 2017}) 5. d5 f5 6. Bg2 {A41: 1 d4 d6: Tartakower System and Modern Defence} Nf6 7. O-O O-O 8. Nc3 {LiveBook: 5 Games. The position is equal.} h6 9. Rb1 $146 ({Predecessor:} 9. e4 f4 10. gxf4 exf4 11. e5 dxe5 12. Nxe5 {½-½ (67) De Strycker,N (1800)-Uhoda,P (2100) Charleroi 2011}) 9... a5 10. a3 Nbd7 11. b4 Kh7 12. Ne1 e4 13. f4 ({Better is} 13. Qb3 $15) 13... axb4 14. axb4 Nb6 15. Qb3 {[#]} c6 $1 16. Bb2 {[#]} cxd5 $1 17. Nxd5 Nbxd5 18. cxd5 Qb6+ 19. Kh1 (19. e3 $17) 19... Ng4 {aiming for ...Bxb2.} 20. Bxg7 Kxg7 21. h3 Ne3 22. Rg1 Bd7 {[%cal Bc8d7,Bd7a4,Ba4c2][%mdl 32] Threatens to win with ...Rfc8.} 23. Nc2 Nxc2 24. Qxc2 Rfc8 25. Qb3 (25. Qd2 $17 {was worth a try.}) 25... Qd4 26. Rgc1 Ba4 27. Qa3 {Hoping for Rxc8.} Bc2 28. Qb2 Qxb2 29. Rxb2 Ba4 $36 {[%mdl 2048] Keeping White busy.} 30. Ra1 Bb5 31. Rba2 $2 (31. Rxa8 $17 Rxa8 32. Rc2) 31... Rxa2 $19 32. Rxa2 {[%mdl 4096] Endgame KRB-KRB} Bc4 33. Rd2 Ra8 34. e3 $2 (34. Kg1 {was called for.}) 34... Ra3 35. Rc2 b5 36. Kg1 Rxe3 37. Kf2 Rb3 {...e3+ is the strong threat.} 38. Bf1 Rxb4 (38... Rf3+ $142 39. Kg2 Bxf1+ 40. Kh1 e3) 39. Bxc4 Rxc4 {KR-KR} 40. Ra2 Rd4 41. Ke3 Rxd5 42. g4 Rd3+ 43. Ke2 Rxh3 {( -> ...Rh2+)} 44. Ra6 Rd3 45. Rb6 fxg4 {Black mates.} 46. Rxb5 d5 47. Kf2 h5 {[%cal Bh6h5,Bh5h4][%mdl 32]} 48. Kg2 h4 {[%mdl 32768] Precision: White = 27%, Black = 74%. . Loss on Time!?} 1-0

[Event "RUS-chT Blitz Men 2018"]
[Site "Sochi"]
[Date "2018.10.10"]
[Round "3"]
[White "Pogromsky, Mikhail"]
[Black "Dudin, Gleb"]
[Result "1-0"]
[WhiteElo "2415"]
[BlackElo "2178"]
[Annotator "TA"]
[PlyCount "91"]
[EventDate "2018.10.10"]
[EventType "swiss"]
[EventCountry "RUS"]
[SourceTitle "playchess.com"]
[Source "ChessBase"]
[SourceQuality "1"]

{[%evp 10,91,12,4,5,2,0,17,20,20,19,0,8,0,6,8,12,10,15,7,0,0,0,-10,-6,-6,-6,-14,0,-13,0,-32,0,6,22,16,18,16,29,-9,27,0,0,0,0,-52,-44,-54,0,-24,31,-46,0,0,-4,-6,-11,-18,0,0,0,0,11,10,125,3,70,24,33,16,22,0,0,0,0,0,0,0,0,0,0,0,1155,1064]} 1. Nf3 Nf6 2. c4 c6 3. d4 d5 4. Qb3 dxc4 5. Qxc4 Bg4 6. Nbd2 e6 {D23: Queen's Gambit Accepted: 3 Nf3 Nf6 sidelines} 7. g3 Nbd7 8. Bg2 Bd6 {The position is equal.} 9. O-O O-O 10. b3 $146 ({Predecessor:} 10. Qc2 Rc8 11. Nc4 Be7 12. Rd1 Bf5 13. Qb3 b5 14. Nce5 {1-0 (45) Lenderman,A (2611)-Dreev,A (2653) chess.com INT 2018}) 10... e5 11. dxe5 Nxe5 12. Qc2 Bh5 13. Bb2 Bg6 14. Qc1 Re8 15. Nxe5 Bxe5 16. Nf3 Bxb2 17. Qxb2 Qe7 18. e3 a5 19. Rfd1 Be4 20. Rd4 Nd5 21. Rad1 Qf6 22. Ne1 Bxg2 23. Nxg2 h6 24. a3 a4 25. b4 Nc7 {[%cal Bd5c7,Bc7b5,Bb5c3][%mdl 32]} 26. Qc1 Nb5 27. Rd7 (27. R4d3 $11) 27... Nc3 $15 {[#] Threatens to win with ...Ne2+.} 28. Re1 $1 {[%cal Bd1e1,Be1e2,Be2d2,Bd2d7][%mdl 32]} b5 (28... Red8 $15 29. Rxd8+ (29. Rxb7 $2 Rd1 $19) 29... Rxd8) 29. Nf4 g6 (29... Rac8 $11) 30. Ne2 (30. Rd3 $14 Ne4 31. f3) 30... Nxe2+ (30... Rad8 {feels hotter.} 31. Rxd8 Nxe2+ 32. Rxe2 Rxd8 33. Kg2 Rd3) 31. Rxe2 Rad8 32. Red2 Rxd7 33. Rxd7 $11 {[%mdl 4096] Endgame KQR-KQR} Qe6 34. Qd2 Rc8 35. Qd4 h5 36. h4 Qe8 {[#]} (36... Qb3 $11) 37. Qd6 (37. Rd6 $1 $16) 37... Qe4 (37... Qe6 $11) 38. Qf6 Qe8 39. Re7 Qf8 40. e4 Re8 $1 41. Rc7 Rxe4 42. Rxc6 Qe8 43. Rd6 $36 {[%mdl 2048] White fights for an advantage.} Re1+ 44. Kh2 Re7 45. Qd4 {Hoping for Rd8.} Re6 $2 {[%mdl 8192]} (45... Re4 $11 46. Qd5 Kg7) 46. Rd8 {Precision: White = 41%, Black = 36%.} 1-0

[Event "RUS-chT Blitz Men 2018"]
[Site "Sochi"]
[Date "2018.10.10"]
[Round "3"]
[White "Apryshko, Gleb"]
[Black "Romanov, Evgeny"]
[Result "0-1"]
[WhiteElo "2399"]
[BlackElo "2614"]
[Annotator "TA"]
[PlyCount "54"]
[EventDate "2018.10.10"]
[EventType "swiss"]
[EventCountry "RUS"]
[SourceTitle "playchess.com"]
[Source "ChessBase"]
[SourceQuality "1"]

{[%evp 9,54,23,34,33,54,56,53,66,80,27,47,45,55,31,38,41,59,59,63,60,64,60,57,40,50,-19,-15,-12,-8,-8,0,-23,0,-86,-60,-479,-186,-234,-200,-300,-270,-281,-272,-493,-444,-29998,-29999]} 1. e4 c5 2. Nf3 a6 3. Nc3 b5 (3... e6 4. g3 b5 5. Bg2 Bb7 6. O-O Nc6 7. d4 cxd4 8. Nxd4 Nxd4 9. Qxd4 Ne7 10. Bf4 Ng6 11. Bd6 Bxd6 12. Qxd6 Rc8 13. Rad1 Qc7 {1-0 (47) Dubov,D (2709)-Grachev,B (2626) Moscow 2018}) 4. g3 Bb7 5. Bg2 b4 6. Na4 $1 {[%cal Ra4c5] B28: Sicilian: 2 Nf3 a6 (O'Kelly Variation)} d6 $146 ({Predecessor:} 6... Qa5 7. b3 Bxe4 8. O-O Nf6 9. Re1 e6 10. Bb2 d5 11. d3 Bxf3 12. Qxf3 Nbd7 {0-1 (30) Graham,D (2204)-Das,A (2451) Hastings 2017}) 7. d4 cxd4 8. Nxd4 {[%cal Bf3d4,Bd4c2,Bc2a3][%mdl 32] White is slightly better.} Nf6 {[#]} 9. c4 (9. O-O $1 $16) 9... e5 10. Nc2 a5 ({Don't go for} 10... Bxe4 $2 11. Bxe4 Nxe4 12. Qd5 $18) 11. Bg5 Nbd7 12. a3 bxa3 13. Nxa3 h6 14. Bxf6 Nxf6 15. O-O Be7 16. Nc3 O-O 17. Nd5 (17. Nab5 $14) 17... Nxd5 $11 18. cxd5 Ba6 19. Re1 Qb6 20. Qa4 f5 {Threatens to win with ...fxe4.} 21. Qd7 (21. Qc6 $11 {remains equal.} Rab8 22. exf5) 21... Ra7 $36 {[%mdl 2048] Black is pushing.} 22. Qe6+ $2 {[%mdl 8192]} (22. Qc6 $1 $15 Bd8 23. Bf1) 22... Kh8 $2 (22... Kh7 23. Bh3 Rf6 24. Bxf5+ g6 25. Bxg6+ Kg7 26. Qxf6+ Kxf6) 23. Qg6 $19 f4 ({Not} 23... Qxb2 24. Bh3 $11) 24. gxf4 (24. Rec1 $142) 24... Rxf4 25. Kh1 Rxf2 26. Bh3 $2 (26. Rab1) 26... Qxb2 27. Bf5 {[#]} (27. Qg3 $19 Bg5 28. Rab1) 27... Rxh2+ {Precision: White = 36%, Black = 57%.} 0-1

[Event "RUS-chT Blitz Men 2018"]
[Site "Sochi"]
[Date "2018.10.10"]
[Round "3"]
[White "Gogolev, Artem"]
[Black "Basiev, Valeriy P."]
[Result "1-0"]
[WhiteElo "2389"]
[BlackElo "1990"]
[Annotator "TA"]
[PlyCount "85"]
[EventDate "2018.10.10"]
[EventType "swiss"]
[EventCountry "RUS"]
[SourceTitle "playchess.com"]
[Source "ChessBase"]
[SourceQuality "1"]

{[%evp 12,85,27,10,28,35,72,62,75,49,59,51,64,65,102,97,115,96,88,93,147,137,294,131,121,118,187,89,256,255,268,268,266,265,252,260,287,269,289,272,244,265,347,268,259,238,251,239,327,292,503,183,405,244,240,239,524,263,613,477,531,530,638,629,825,580,838,751,29986,29987,29990,29991,29993,29994,29995,29995]} 1. Nf3 f5 2. d4 Nf6 3. g3 g6 4. Bg2 Bg7 5. O-O O-O 6. c3 d6 7. Qb3+ Kh8 {A81: Dutch Defence: 2 g3} (7... e6 8. Bg5 Qe8 9. Nbd2 Nh5 10. Ne1 h6 11. Be3 g5 12. f4 gxf4 13. Bxf4 Kh8 14. Be3 Nc6 15. Nd3 b6 {0-1 (48) Andreikin,D (2722)-Nakamura,H (2764) Baku 2014 CBM 163 [Meulders,R]}) 8. Nbd2 Na6 $146 ({Predecessor:} 8... Nc6 9. Ng5 d5 10. Ndf3 Ne4 11. Nh3 e5 12. Nxe5 Nxe5 13. dxe5 Bxe5 14. Bh6 Re8 15. Rad1 {1-0 (74) Hovhannisyan,M (2536)-Jens,J (2379) Netherlands 2015}) 9. Ng5 {Hoping for Nf7+.} d5 {White is slightly better.} 10. Ngf3 c5 11. Ne5 e6 12. Ndf3 Rb8 13. Bf4 Nh5 14. e3 Nxf4 15. exf4 Bd7 (15... Kg8 $142) 16. Rfe1 $16 b5 $2 (16... cxd4 $16 {was worth a try.} 17. cxd4 Qe7) 17. dxc5 (17. Qa3 $18 {and the rest is easy.} Bc8 18. dxc5) 17... Nxc5 18. Qa3 Na4 {[#]} (18... Qc7 $16 {was necessary.}) 19. Nd4 (19. Qxf8+ $1 $18 {and White stays clearly on top.} Qxf8 20. Nxd7) 19... Kg8 $2 (19... Bxe5 $16 20. Rxe5 Re8) 20. Nxd7 $18 Qxd7 21. Nxe6 Rfe8 22. Nxg7 Kxg7 23. Qb4 Kg8 24. Re5 Nb6 25. Rd1 Rxe5 26. fxe5 Rd8 27. Qc5 Qe6 28. Re1 a6 29. b3 Nc8 30. Qd4 Ne7 $2 {[#]} (30... Nb6 {keeps fighting.} 31. Rb1 Qc6) 31. f4 $2 (31. c4 $1 {[%mdl 512]}) 31... Nc6 $2 (31... Rc8 32. Rc1 Qc6) 32. Qc5 Ne7 33. Rd1 h5 $2 (33... Rc8 34. Qd6 (34. Bxd5 Nxd5 35. Qxd5 Qxd5 $16) 34... Kf7 35. Rxd5 Rxc3) 34. h4 {aiming for c4!} Kh7 $2 (34... Rc8 35. Qd6 (35. Bxd5 Nxd5 36. Qxd5 Qxd5 $16) 35... Kf7) 35. Kh2 Rd7 36. a4 bxa4 37. bxa4 {[%cal Bb3a4,Ba4a5,Ba5b6][%mdl 32]} Kh6 38. a5 Qf7 39. Qb6 {Threatens to win with e6.} d4 40. e6 {White mates.} Nc8 41. exf7 Nxb6 42. f8=Q+ Kh7 43. axb6 {Precision: White = 50%, Black = 21%.} 1-0

[Event "RUS-chT Blitz Men 2018"]
[Site "Sochi"]
[Date "2018.10.10"]
[Round "3"]
[White "Tenikashvili, Georgij"]
[Black "Moiseenko, Vadim"]
[Result "0-1"]
[WhiteElo "2361"]
[BlackElo "2492"]
[Annotator "TA"]
[PlyCount "74"]
[EventDate "2018.10.10"]
[EventType "swiss"]
[EventCountry "RUS"]
[SourceTitle "playchess.com"]
[Source "ChessBase"]
[SourceQuality "1"]

{[%evp 22,74,0,0,0,-8,0,-10,0,-29,-28,-26,-23,-28,-31,-39,0,-1,4,-36,9,-29,14,23,85,5,33,-25,-35,-109,-64,-43,-41,-231,-218,-216,-250,-467,-425,-460,-463,-501,-505,-483,-482,-486,-456,-702,-613,-701,-693,-693,-686,-1809,-1693]} 1. d4 e6 2. c4 b6 3. Nf3 Bb7 4. a3 Nf6 5. Nc3 d5 6. Bg5 Be7 7. e3 O-O 8. Be2 h6 9. Bh4 dxc4 10. Bxc4 Nbd7 11. O-O c5 12. Qe2 a6 {D58: Queen's Gambit Declined: Tartakower Defence} (12... Ne4 13. Nxe4 Bxh4 14. Nc3 Bf6 15. Rfd1 cxd4 16. exd4 Qc7 17. Ba6 Rac8 18. Rac1 Rfd8 19. h3 {½-½ (20) Kortschnoj,V (2642)-Georgiev,V (2549) Saint Vincent 2003}) 13. Rfd1 b5 14. Ba2 c4 $146 {The position is equal.} ({Predecessor:} 14... Ne4 15. Nxe4 Bxe4 16. Bxe7 Qxe7 17. dxc5 Nxc5 18. Rac1 Rfd8 19. Rxd8+ Rxd8 20. Rd1 Rxd1+ 21. Qxd1 Qd7 22. Qxd7 Nxd7 {½-½ (22) Todorov,O (2322)-Marholev,D (2396) Bosilegrad 2009}) 15. Rac1 Ne4 {[#] And now ...Nxc3 would win.} 16. Bxe7 Qxe7 17. Bb1 Nxc3 18. Rxc3 Rfd8 (18... Bxf3 $5 19. Qxf3 Nf6 $11) 19. e4 e5 20. h3 Rac8 21. Re3 Qf6 22. d5 a5 (22... Rc7 $11) 23. Ne1 (23. b3 $16) 23... b4 24. Rc1 (24. Rf3 $14 Qb6 25. Rg3) 24... Ba6 $11 25. Qg4 (25. axb4 $15 axb4 26. Qh5) 25... Nc5 26. axb4 axb4 {[%cal Ba5b4,Bb4b3][%mdl 32]} 27. Rf3 $2 {[#]} (27. Bc2 $1 $15) 27... Qg5 $1 $19 {[%cal Rg5c1]} 28. Qxg5 hxg5 29. Nc2 $2 (29. Bc2 b3 30. Bd1) 29... Nd3 {Black is clearly winning.} 30. Rf1 b3 31. Ne3 Nxb2 32. Nf5 {and the idea Ne7+ leaves White hopeful.} Kf8 {Hoping for ...c3.} 33. Rc1 Nd3 34. Rd1 (34. Rc3 $142 Nf4 35. Rfe3) 34... c3 {[%cal Bc4c3,Bc3c2][%mdl 32]} 35. Bxd3 Bxd3 36. Rfxd3 c2 37. Rf1 b2 {Precision: White = 19%, Black = 51%.} 0-1

[Event "RUS-chT Blitz Men 2018"]
[Site "Sochi"]
[Date "2018.10.10"]
[Round "3"]
[White "Dilmukhametov, Artur"]
[Black "Tsvetkov, Andrey"]
[Result "1-0"]
[WhiteElo "2353"]
[BlackElo "2264"]
[Annotator "TA"]
[PlyCount "50"]
[EventDate "2018.10.10"]
[EventType "swiss"]
[EventCountry "RUS"]
[SourceTitle "playchess.com"]
[Source "ChessBase"]
[SourceQuality "1"]

{[%evp 9,50,154,143,149,263,263,339,333,420,214,227,214,216,216,207,207,247,131,131,131,173,179,160,170,161,168,202,201,199,127,175,166,230,211,186,156,153,152,138,145,155,102,117]} 1. d4 d5 2. Nc3 Nf6 3. Bf4 c5 4. e3 Nc6 5. Nb5 e5 6. dxe5 {D00: 1 d4 d5: Unusual lines} Ng8 $146 {[#]} (6... a6 $16 {might work better.}) ({Predecessor:} 6... Ne4 7. Qxd5 Qa5+ 8. c3 g5 9. Qxe4 gxf4 10. exf4 a6 11. Nd6+ Bxd6 12. exd6+ {0-1 (48) Jobava,B (2702)-Quparadze,G (2481) Doha 2016}) 7. Qxd5 $1 $18 {[%mdl 512]} Bf5 (7... Qxd5 8. Nc7+) 8. O-O-O {White has a decisive advantage.} Qa5 9. e6 (9. Bc4 $142 {[%csl Gc4][%cal Rd5f7]} Be6 10. Qe4) 9... Bxe6 10. Nc7+ Qxc7 {[#]} 11. Qxe6+ $1 {[%mdl 512]} fxe6 12. Bxc7 Nf6 13. f3 (13. Nf3 $18) 13... Nd5 $16 14. Bf4 $1 Nxf4 15. exf4 Rd8 16. Re1 Bd6 17. g3 Kf7 18. Bc4 Rhe8 19. f5 (19. Nh3 $18) 19... Nd4 20. fxe6+ Nxe6 (20... Kf6 {keeps fighting.} 21. Ne2 Nxe6) 21. Nh3 $18 Kf6 22. Bxe6 Rxe6 23. Rxe6+ Kxe6 24. Ng5+ Kf5 {[#]} 25. Ne4 ({White should try} 25. Nf7 $1 {[%cal Rf7d8]} Rd7 26. Nxd6+ Rxd6 27. Rd1 Rxd1+ 28. Kxd1) 25... Be7 {Precision: White = 67%, Black = 45%.} 1-0

[Event "RUS-chT Blitz Men 2018"]
[Site "Sochi"]
[Date "2018.10.10"]
[Round "3"]
[White "Papenin, Nikolai"]
[Black "Mamedov, Elmin"]
[Result "0-1"]
[WhiteElo "2334"]
[BlackElo "2210"]
[Annotator "TA"]
[PlyCount "72"]
[EventDate "2018.10.10"]
[EventType "swiss"]
[EventCountry "RUS"]
[SourceTitle "playchess.com"]
[Source "ChessBase"]
[SourceQuality "1"]

{[%evp 17,71,35,59,8,0,-10,31,28,49,-31,-17,-60,-67,-81,-69,-79,-60,-114,-80,-266,-215,-426,-396,-418,-389,-564,-558,-553,-524,-545,-533,-616,-590,-566,-583,-626,-591,-1291,-1169,-1771,-1768,-2350,-2127,-29990,-29991,-29991,-29992,-29992,-29989,-29998,-29991,-29998,-29988,-29995,-29996,-29999]} 1. d4 Nf6 2. c4 c5 3. d5 e6 4. Nc3 exd5 5. cxd5 d6 6. e4 g6 7. Bd3 Bg7 8. Nge2 O-O 9. O-O b6 {LiveBook: 91 Partien} 10. f4 {A65: Benoni} (10. Bg5 $14) (10. a4 Na6 11. Ng3 Nc7 12. Bf4 a6 13. Qd2 Re8 14. h3 Rb8 15. Rab1 b5 16. axb5 Nxb5 17. Bxb5 axb5 18. b4 c4 {1-0 (27) Xiong,J (2523)-Liang,A (2404) Saint Louis 2015}) 10... Ba6 $11 11. h3 $146 ({Vorgänger:} 11. Bxa6 Nxa6 12. Ng3 c4 13. Be3 Nc5 14. Bd4 Re8 15. f5 Nd3 16. Qf3 Ne5 17. Bxe5 Rxe5 {0-1 (33) Giterman,S-Suetin,A Novgorod 1961}) 11... c4 12. Bc2 {Weiß steht etwas besser.} b5 {[%cal Bb6b5,Bb5b4][%mdl 32] Droht ...b4.} 13. Nd4 ({Lieber} 13. e5 $14 Ne8 14. e6) 13... b4 $15 14. Nce2 Re8 15. Ng3 Nbd7 16. Nc6 Qb6+ 17. Kh1 (17. Kh2 $15) 17... Bb7 18. e5 $2 (18. f5 $17) 18... dxe5 {Und ...Sxd5! würde nun gewinnen.} 19. fxe5 $2 (19. f5 {war die einzige Verteidigung.}) 19... Nxe5 $19 20. Bg5 {[#]} Nxd5 $1 {[%mdl 512]} 21. Nxe5 (21. Qxd5 {einziger Zug.} Bxc6 22. Qd2) 21... Rxe5 22. Qg4 Ne3 23. Bxe3 Rxe3 24. Rad1 Qc6 {[%csl Gb7][%cal Rc6g2] [#]} 25. Rf2 Rae8 26. Rdf1 Re1 27. Rxe1 Rxe1+ 28. Kh2 Qc7 29. h4 Be5 {[%cal Bg7e5,Be5g3,Bg3f2][%mdl 32]} 30. Rd2 Re3 {Schwarz setzt Matt.} 31. Kh1 Bxg3 {[%cal Re3e1]} 32. Rd1 Qc6 {[%csl Gb7][%cal Rc6g2]} 33. Rg1 Bf2 34. Rf1 Rg3 {[%csl Gb7,Gg3][%cal Rc6g2]} 35. Be4 Rxg4 {[%cal Rg4h4]} 36. Bxc6 Rxh4# {Precision: Weiß = 11%, Schwarz = 84%.} 0-1

[Event "RUS-chT Blitz Men 2018"]
[Site "Sochi"]
[Date "2018.10.10"]
[Round "3"]
[White "Ivlev, Aleksey"]
[Black "Vastrukhin, Oleg"]
[Result "0-1"]
[WhiteElo "2326"]
[BlackElo "2413"]
[Annotator "NA RC"]
[PlyCount "84"]
[EventDate "2018.10.10"]
[EventType "swiss"]
[EventCountry "RUS"]
[SourceTitle "playchess.com"]
[Source "ChessBase"]
[SourceQuality "1"]
[TimeControl "180+2"]

1. d4 {[%emt 0:00:00]} d5 {[%emt 0:00:00]} 2. c4 {[%emt 0:00:00]} e5 {[%emt 0:00:00]} 3. dxe5 {[%emt 0:00:03]} d4 {[%emt 0:00:01]} 4. Nf3 {[%emt 0:00:08]} Nc6 {[%emt 0:00:00]} 5. Nbd2 {[%emt 0:00:12]} Bg4 {[%emt 0:00:02]} 6. h3 {[%emt 0:00:03]} Bh5 {[%emt 0:00:01]} 7. g4 {[%emt 0:00:01]} Bg6 {[%emt 0:00:01]} 8. Bg2 {[%emt 0:00:01]} Qe7 {[%emt 0:00:00]} 9. a3 {[%emt 0:00:09]} O-O-O {[%emt 0:00:02]} 10. Qa4 {[%emt 0:00:22]} Kb8 {[%emt 0:00:02]} 11. O-O {[%emt 0:00:17]} h5 {[%emt 0:00:01]} 12. g5 {[%emt 0:00:01]} h4 {[%emt 0:00:01]} 13. Rd1 {[%emt 0:00:11]} f6 {[%emt 0:00:05]} 14. exf6 {[%emt 0:00:08]} gxf6 {[%emt 0:00:02]} 15. Nf1 {[%emt 0:00:04]} Be4 {[%emt 0:00:15]} 16. N1h2 {[%emt 0:00:16]} fxg5 {[%emt 0:00:05]} 17. Bxg5 {[%emt 0:00:02]} Nf6 {[%emt 0:00:01]} 18. Kh1 {[%emt 0:00:24]} Bg7 {[%emt 0:00:03]} 19. c5 {[%emt 0:00:14]} Qe6 {[%emt 0:00:03]} 20. b4 {[%emt 0:00:17]} Rh5 {[%emt 0:00:03]} 21. b5 {[%emt 0:00:03]} Ne5 {[%emt 0:00:17]} 22. Rxd4 {[%emt 0:00:05]} Rxd4 {[%emt 0:00:11]} 23. Qxd4 {[%emt 0:00:01]} Nxf3 {[%emt 0:00:13]} 24. Qd8+ {[%emt 0:00:17]} Qc8 {[%emt 0:00:01]} 25. Qxc8+ {[%emt 0:00:03]} Kxc8 {[%emt 0:00:01]} 26. exf3 {[%emt 0:00:08]} Bd3 {[%emt 0:00:06]} 27. f4 {[%emt 0:00:14]} Ne4 {[%emt 0:00:04]} 28. Ra2 {[%emt 0:00:05]} Nxg5 {[%emt 0:00:05]} 29. fxg5 {[%emt 0:00:01]} Rxg5 {[%emt 0:00:02]} 30. b6 {[%emt 0:00:02]} axb6 {[%emt 0:00:15]} 31. cxb6 {[%emt 0:00:01]} cxb6 {[%emt 0:00:01]} 32. Bf3 {[%emt 0:00:04]} Rc5 {[%emt 0:00:10]} 33. Ng4 {[%emt 0:00:05]} Bf5 {[%emt 0:00:06]} 34. Kg2 {[%emt 0:00:01]} Rc3 {[%emt 0:00:05]} 35. a4 {[%emt 0:00:02]} Bf8 {[%emt 0:00:04]} 36. Ne3 {[%emt 0:00:01]} Be6 {[%emt 0:00:16]} 37. Bg4 {[%emt 0:00:01]} Bd7 {[%emt 0:00:20]} 38. Nd5 {[%emt 0:00:05]} Rb3 {[%emt 0:00:14]} 39. Rc2+ {[%emt 0:00:02]} Kd8 {[%emt 0:00:03]} 40. Nf6 {[%emt 0:00:02]} Bc6+ {[%emt 0:00:02]} 41. Kg1 {[%emt 0:00:03]} Rb1+ {[%emt 0:00:06]} 42. Kh2 {[%emt 0:00:01]} Rh1# {[%emt 0:00:01]} 0-1

[Event "RUS-chT Blitz Men 2018"]
[Site "Sochi"]
[Date "2018.10.10"]
[Round "3"]
[White "Remizov, Yaroslav"]
[Black "Kezin, Roman"]
[Result "1-0"]
[WhiteElo "2315"]
[BlackElo "2471"]
[Annotator "TA"]
[PlyCount "125"]
[EventDate "2018.10.10"]
[EventType "swiss"]
[EventCountry "RUS"]
[SourceTitle "playchess.com"]
[Source "ChessBase"]
[SourceQuality "1"]

{[%evp 15,125,37,33,24,19,27,43,-37,-23,-26,-13,-33,-21,-15,-11,-11,-11,-13,-24,-30,-28,-23,-2,0,21,39,73,44,87,101,97,97,90,100,100,90,102,68,234,220,233,217,831,828,818,777,988,934,990,844,977,692,1084,643,1109,722,1270,822,819,819,774,777,897,896,913,913,919,787,833,860,1014,999,5105,5102,2389,1522,1523,1469,1263,734,718,691,1527,1525,1509,1514,1505,1507,1509,1441,1222,937,761,737,1143,1121,5577,5317,6099,5409,29981,29982,29984,29984,29985,29986,29988,29989,29989,29990,29990,29988]} 1. e4 c5 2. Nf3 e6 3. d4 cxd4 4. Nxd4 Nc6 5. Be2 a6 6. c4 Nf6 7. Nc3 Bb4 8. O-O Qc7 9. Qd3 {B41: Sicilian: Kan Variation: 5 c4} O-O 10. Bg5 (10. Nxc6 dxc6 11. Bg5 Be7 12. Be3 b5 13. Rac1 b4 14. Nb1 c5 {0-1 (61) Anand,V (2779)-Ivanchuk,V (2747) Doha 2016}) 10... Be7 {[%cal Bb4e7,Be7g5,Bg5f4][%mdl 32]} 11. Rac1 (11. Be3 $14) 11... Ng4 $15 12. Bxg4 {[#] Strongly threatening Bxe7.} Bxg5 13. Nxc6 bxc6 14. Rcd1 c5 $146 ({Predecessor:} 14... Rb8 15. b3 Bf6 16. f4 d5 {0-1 (29) Mantau,J (1992)-Vehlow,B (2254) Remote email 2013}) 15. Qd6 Qxd6 16. Rxd6 Bf4 17. Rd3 Be5 18. b3 Rb8 19. Ne2 Bb7 20. f4 $36 {[%mdl 2048] White has good play.} Bc7 21. e5 {[%cal Be4e5,Be5d6][%mdl 32]} Bc6 22. Bf3 Bxf3 23. gxf3 Rfd8 24. Rfd1 d6 25. exd6 Ba5 26. Ng3 {And now f5 would win.} Rd7 $2 {[#]} ({Better is} 26... f5 $14) 27. f5 $1 $18 exf5 28. Nxf5 g6 $2 (28... Bb4 29. Ne7+ Kf8) 29. Ne7+ Kg7 30. Nc6 Rc8 31. Nxa5 Kf6 32. Kf2 Re8 33. Re3 Rb8 34. Rd5 Rc8 35. Ree5 Rcd8 36. Rxc5 Rxd6 37. Red5 Rxd5 38. Rxd5 {[%mdl 4096] Endgame KRN-KR} Re8 39. Nc6 Re6 40. Nd4 Re7 41. Ne2 Rb7 42. c5 {[%cal Bc4c5,Bc5c6,Bc6c7][%mdl 32]} Rb5 43. Nc3 Rb4 44. c6 Rb8 45. Rc5 Ke6 46. c7 Rc8 47. Na4 Kd6 48. b4 f6 49. Nb6 Rxc7 50. Nc4+ Kd7 51. Rxc7+ Kxc7 {KN-KP} 52. Ke3 Kc6 53. Kd4 Kb5 54. Kc3 Kc6 55. a4 {[%cal Ba2a4,Ba4b5,Bb5b6][%mdl 32]} h5 56. Kd4 g5 57. Nd2 Kd6 58. Ne4+ {White mates.} Ke6 59. b5 axb5 60. axb5 g4 61. fxg4 hxg4 62. b6 Kd7 63. Nxf6+ {Precision: White = 77%, Black = 40%.} 1-0